| 000 | 00625nam a2200181Ia 4500 | ||
|---|---|---|---|
| 005 | 20250423100255.0 | ||
| 008 | 250422s9999 xx 000 0 und d | ||
| 020 | _a9781403198853 | ||
| 050 | _aML 410 .H83/ | ||
| 100 | _aHubbard, Ron L. | ||
| 245 | 0 | _aMusic maker: composer and performer | |
| 260 | _aCalifornia | ||
| 260 | _bBridge Publication | ||
| 260 | _c2012 | ||
| 300 | _a170 p | ||
| 650 | _aHubbard, L. Ron (La Fayette Ron), 1911-1986--Knowledge--Music. Musicians--United States--Biography. Scientologists--Biography. Authors and music--United States. Music--20th century--History and criticism. | ||
| 942 | _cBK | ||
| 999 |
_c32806 _d32806 |
||